| 000 | 00891nam a22000977a 4500 | ||
|---|---|---|---|
| 999 |
_c2898 _d2898 |
||
| 008 | 181210b ||||| |||| 00| 0 eng d | ||
| 100 | _aPauk, Bohdan | ||
| 245 |
_aBelarus, _ba catalog-checklist of national and local postage stamp issues including foreign administrative issues of 1916-1920 and 1941-1944 |
||
| 260 |
_aWestchester, IL _bThe Author, Director, Ukrainian Philatelic Resources _c1996 |
||
| 650 | _aRussia -- White Russia | White Russian Corps (1920) | Russia (-1917) | Union of Soviet Socialist Republics (1917-1991) | Belarus (1992- ) | Ukraine (1918-1924) | Polish Administration | Poland (1918-) | Lithuania (1918-1940) | Central Lithuania (1920-1922) | Overprints and Surcharges | Provisionals and Forerunners | Occupation Issues 1916-1920 | 1941-1944 | World War I, 1914-1918 | World War II, 1939-1945 | Locals and Private Posts | Cinderella Material | Germany -- Occupation of Russia | ||